| 000 | 01300nam a2200277Ia 4500 | ||
|---|---|---|---|
| 003 | OSt | ||
| 005 | 20220918111022.0 | ||
| 006 | a|||||r|||| 00| 0 | ||
| 007 | ta | ||
| 008 | 220915b |||||||| |||| 00| 0 san d | ||
| 020 |
_a9789385005190 (hbk (Set)) _c2400 |
||
| 024 | _a25,617 | ||
| 037 |
_b312, 15/03/2016, Vidyanidhi Prakashan _cReference Collections |
||
| 040 |
_aARTS _cARTS _bsan |
||
| 041 |
_2san _asan |
||
| 082 | _aDelta2:864xK55,1, 152Q5.1-.3(RR) | ||
| 100 | _aभट्ट, कमलाकर | ||
| 245 | 0 | _aसिद्धान्त तत्व विवेक | |
| 246 | _aSiddhānta tatva viveka | ||
| 260 |
_aवाराणसी _bचौखम्बा सुरभारती प्रकाशन भारत _c2015 |
||
| 490 |
_vभाग 1 _aचौखम्बा सुरभारती ग्रन्थमाला; 590 |
||
| 650 |
_aआध्यात्मिक अनुभव और रहस्यवाद _910453 |
||
| 700 | _a शर्मा, सत्यदेव, संपा. | ||
| 942 |
_hDelta2:864xK55,1, 152Q5.1-.3(RR) _cREF |
||
| 999 |
_c116478 _d116478 |
||